| 000 | 00464nam a2200169Ia 4500 | ||
|---|---|---|---|
| 008 | 231217s9999 xx 000 0 und d | ||
| 020 | _a817625441x | ||
| 041 | _aEnglish | ||
| 082 | _a370 ADA;1 R | ||
| 100 | _aAdams, John. | ||
| 245 | 0 | _aProphets of education Vol.8 : on educational theory | |
| 260 |
_c2004 _bSarup and Sons _aNew Delhi |
||
| 300 | _a327 | ||
| 400 | _aA continuing series | ||
| 650 | _aProphets,education,Vol.8,educational | ||
| 942 | _cAA | ||
| 999 |
_c195913 _d195913 |
||